000 00961nam a22001937a 4500
003 OSt
005 20170424131237.0
008 150407b xxu||||| |||| 00| 0 eng d
040 _cCRI
082 _a371.3
100 _941080
_aRivera Tovar, Patricia Rosibel
245 1 0 _a Aplicar la técnica de trabajo en grupo en la materia desarrollo personal del ciclo I-10 con los alumnos/as de Licenciatura en Mercadeo y Negocios Internacionales de la Universidad Católica de El Salvador, facultad Multidisciplinaria de Ilobasco
_b: Investigación
_cPatricia Rosibel Rivera Tovar
260 _aIlobasco (Cabañas)
_bUniversidad Católica de El Salvador
_c2012
300 _a48 p.
_c27 cm
_e+ 1 disco compacto
502 _aTrabajo de graduación para optar al grado académico de Maestro/a en asesoría educativa
650 0 _93815
_aDidáctica
710 _940915
_aUniversidad Católica de El Salvador
_bCentro Regional de Ilobasco
942 _2ddc
_cTG
_hprozim
999 _c27571
_d27571